000 00606nam a2200229Ia 4500
003 OSt
005 20220924132418.0
006 a|||||r|||| 00| 0
007 ta
008 220923b |||||||| |||| 00| 0 san d
024 _a52957
037 _cTextual
040 _aARTS
_cARTS
_bsan
041 _2san
_asan
082 _aP15:C:90R62, 15L0
100 _aMishra Radheshyam
_9204252
245 0 _aVyakaranasastradrstaya jatiswarupa vimarshah
260 _c1970
650 _aLINGUISTICS
942 _hP15:C:90R62, 15L0
_cTEXL
_2CC
999 _c430212
_d430212